[Event "Frankfurt Ch 2011"]
[Site "Ffm-Kalbach, LAZ"]
[Date "2011.05.23"]
[Round "4.27"]
[White "Drill, Frank"]
[Black "Makilla, Tobias"]
[Result "1/2-1/2"]
[WhiteElo "2141"]
[BlackElo "1937"]
[PlyCount "101"]
[EventDate "2011.??.??"]
[WhiteTeam "Sfr.Neuberg"]
[BlackTeam "Sfr.1932 Kelkheim"]

1. d4 d5 2. e4 dxe4 3. Nc3 Nf6 4. f3 exf3 5. Nxf3 e6 6. Bg5 Be7 7. Qd2 O-O 8.
O-O-O c5 9. Bd3 cxd4 10. Nxd4 Nc6 11. Nxc6 bxc6 12. Qe1 Qa5 13. Qh4 h6 14. Ne4
Ba6 15. Nxf6+ Bxf6 16. Bxf6 gxf6 17. Qxh6 Bxd3 18. Rxd3 Qg5+ 19. Qxg5+ fxg5 20.
Rg3 f6 21. h4 Kf7 22. hxg5 f5 23. Rh7+ Kg6 24. Rh6+ Kf7 25. Rgh3 Rg8 26. Rf6+
Ke7 27. Rhh6 Rxg5 28. Rxe6+ Kf7 29. Rxc6 Kg7 30. Rh2 a5 31. Rc5 a4 32. g4 Rxg4
33. Rxf5 Re8 34. Rf1 a3 35. bxa3 Rg3 36. Rd2 Ree3 37. Rd3 Rxd3 38. cxd3 Rxd3
39. Kb2 Rd8 40. a4 Rb8+ 41. Kc3 Rc8+ 42. Kb4 Rb8+ 43. Ka3 Ra8 44. Rf5 Kg6 45.
Rc5 Kf6 46. a5 Ke6 47. Kb4 Kd6 48. Rh5 Rb8+ 49. Kc4 Ra8 50. Rh6+ Kc7 51. Kb5 {
...} 1/2-1/2

[Event "Frankfurt Ch 2011"]
[Site "Ffm-Kalbach, LAZ"]
[Date "2011.05.23"]
[Round "4.28"]
[White "Holzschuh, Gerald"]
[Black "Zimmer, Gerald"]
[Result "0-1"]
[WhiteElo "2139"]
[BlackElo "1944"]
[PlyCount "66"]
[EventDate "2011.??.??"]
[WhiteTeam "SC Bad Nauheim"]
[BlackTeam "SC Bergen-Enkheim 1922"]

1. e4 e6 2. d4 d5 3. exd5 exd5 4. Nf3 Bg4 5. Be2 Nf6 6. h3 Bh5 7. O-O Bd6 8. c4
c6 9. Re1 O-O 10. g4 Bg6 11. Ne5 Nbd7 12. Bf1 Re8 13. f4 Bxb1 14. Rxb1 dxc4 15.
Bxc4 Nd5 16. g5 f6 17. Ng4 fxg5 18. fxg5 Qa5 19. Re2 Qb4 20. Ne3 Qa5 21. Bd2
Qb6 22. Be1 Qd8 23. Nxd5 cxd5 24. Bxd5+ Kh8 25. Rxe8+ Qxe8 26. Qg4 Rc8 27. Bxb7
Rc2 28. Bf2 Qf7 29. Bf3 Qxa2 30. Re1 Nf8 31. Qf5 Qxb2 32. Re8 Qb1+ 33. Kg2
Rxf2+ 0-1

[Event "Frankfurt Ch 2011"]
[Site "Ffm-Kalbach, LAZ"]
[Date "2011.05.23"]
[Round "4.29"]
[White "Kuban, Günther"]
[Black "Meiser, Nicolas"]
[Result "0-1"]
[WhiteElo "2205"]
[BlackElo "1725"]
[PlyCount "106"]
[EventDate "2011.??.??"]
[WhiteTeam "SV Oberursel"]
[BlackTeam "SV Lahn Limburg"]

1. e4 c6 2. Nc3 d5 3. Qf3 dxe4 4. Nxe4 Nf6 5. Nxf6+ exf6 6. Bc4 Qe7+ 7. Ne2 Be6
8. Bxe6 fxe6 9. O-O Nd7 10. d4 Qf7 11. Re1 Bd6 12. Qb3 b6 13. Qa4 b5 14. Qa6
Nb6 15. d5 cxd5 16. Nd4 Be5 17. Nxb5 O-O 18. f4 Bb8 19. Be3 Nc4 20. Bc5 Re8 21.
b3 Nd2 22. Bd6 Ne4 23. Bxb8 Rexb8 24. c4 Qe7 25. Qa3 Qxa3 26. Nxa3 Kf7 27. Rac1
Rc8 28. Nb5 a6 29. Nd4 e5 30. fxe5 fxe5 31. Nf3 Kf6 32. Kf1 g5 33. cxd5 Rxc1
34. Rxc1 Rd8 35. Re1 Kf5 36. h3 h5 37. g4+ hxg4 38. hxg4+ Kf4 39. Kg2 Rxd5 40.
Rf1 Kxg4 41. Re1 Kf4 42. Rf1 g4 43. Nd2+ Ke3 44. Re1+ Kxd2 45. Rxe4 Kd3 46.
Rxg4 e4 47. Rg6 a5 48. Kf2 Kd2 49. Rg2 e3+ 50. Kf3+ Kd3 51. Rg8 e2 52. Re8 Rf5+
53. Kg2 Rf1 0-1

[Event "Frankfurt Ch 2011"]
[Site "Ffm-Kalbach, LAZ"]
[Date "2011.05.23"]
[Round "4.30"]
[White "Marzahn, Heiko"]
[Black "Arnold, Michael"]
[Result "1-0"]
[WhiteElo "1984"]
[BlackElo "1846"]
[PlyCount "71"]
[EventDate "2011.??.??"]
[WhiteTeam "Sfr.Erbach"]
[BlackTeam "SK Langen"]

1. e4 e5 2. Nf3 d6 3. d4 exd4 4. Nxd4 Nf6 5. Nc3 Be7 6. Bd3 Nc6 7. Nxc6 bxc6 8.
O-O O-O 9. f4 d5 10. Qe1 Ng4 11. e5 f6 12. h3 Nh6 13. f5 fxe5 14. Bxh6 gxh6 15.
Qxe5 Bd6 16. Qd4 Qg5 17. Qg4 Bd7 18. Qxg5+ hxg5 19. g4 Rab8 20. Rab1 Kg7 21.
Rfe1 Kf6 22. Ne2 Rfe8 23. Kf2 Bc5+ 24. Kg2 Bd6 25. b3 Re3 26. Ng1 Rbe8 27. Rxe3
Rxe3 28. Nf3 h6 29. Rh1 h5 30. h4 gxh4 31. Rxh4 hxg4 32. Rh6+ Kf7 33. Ng5+ Kf8
34. f6 Ke8 35. Rh8+ Bf8 36. Nh7 1-0

[Event "Frankfurt Ch 2011"]
[Site "Ffm-Kalbach, LAZ"]
[Date "2011.05.23"]
[Round "4.31"]
[White "Larem, Peter"]
[Black "Kolker, Vladislav"]
[Result "1-0"]
[WhiteElo "1919"]
[BlackElo "2104"]
[PlyCount "85"]
[EventDate "2011.??.??"]
[WhiteTeam "SG Rödermark/Eppertshausen"]
[BlackTeam "Sfr.1891 Friedberg"]

1. e4 c5 2. c3 g6 3. d4 cxd4 4. cxd4 d5 5. exd5 Nf6 6. Nf3 Nxd5 7. Nc3 Bg7 8.
Bc4 Nb6 9. Bb3 Bg4 10. Bxf7+ Kxf7 11. Ng5+ Ke8 12. Qxg4 Qxd4 13. Qxd4 Bxd4 14.
Nb5 Be5 15. f4 Bd6 16. Be3 N8d7 17. O-O a6 18. Nxd6+ exd6 19. Bd4 Rg8 20. Rfe1+
Kf8 21. Nxh7+ Kf7 22. Ng5+ Kf8 23. Re6 Rd8 24. Bxb6 Nxb6 25. Rf6+ Ke8 26. Re1+
Kd7 27. Nf7 Rdf8 28. Rxd6+ Kc8 29. Re7 Rg7 30. Rxb6 Rgxf7 31. Rxf7 Rxf7 32.
Rxg6 Rxf4 33. Re6 Kd7 34. Re2 b5 35. g3 Ra4 36. a3 Kd6 37. h4 a5 38. Kg2 b4 39.
axb4 axb4 40. h5 Ra5 41. g4 Rc5 42. Kf3 b3 43. Re3 1-0

[Event "Frankfurt Ch 2011"]
[Site "Ffm-Kalbach, LAZ"]
[Date "2011.05.23"]
[Round "4.32"]
[White "Faqiry, Ramat"]
[Black "Czech, Ludwig"]
[Result "1/2-1/2"]
[WhiteElo "1977"]
[BlackElo "2137"]
[PlyCount "100"]
[EventDate "2011.??.??"]
[WhiteTeam "SV Oberursel"]
[BlackTeam "VSG 1880 Offenbach"]

1. c4 f5 2. g3 Nf6 3. Bg2 g6 4. Nf3 Bg7 5. O-O O-O 6. d4 d6 7. b3 e6 8. Bb2 Qe7
9. Nbd2 Nc6 10. Re1 Ne4 11. e3 Nb4 12. Qb1 Nxd2 13. Nxd2 e5 14. a3 Nc6 15. d5
Nd8 16. Qc2 b6 17. b4 Nb7 18. Nb3 a5 19. Rac1 Bd7 20. Nd2 Ra7 21. Nb1 axb4 22.
axb4 Ba4 23. Qd2 Rfa8 24. Nc3 Bd7 25. Ra1 Qe8 26. Rxa7 Rxa7 27. Ra1 Qa8 28. Qc1
Kf8 29. Rxa7 Qxa7 30. Qa1 Qxa1+ 31. Bxa1 Ke7 32. Bb2 Kd8 33. Bf3 Kc8 34. h4 Nd8
35. Bd1 Nf7 36. Kg2 e4 37. Bb3 Kd8 38. Nd1 Ne5 39. Bxe5 Bxe5 40. b5 Ke7 41. f4
exf3+ 42. Kxf3 h6 43. Nf2 Kf6 44. Nd3 g5 45. hxg5+ hxg5 46. Nb4 Ke7 47. Na6 Kd8
48. Nb4 Bc3 49. Nc6+ Ke8 50. Bc2 Bc8 1/2-1/2

[Event "Frankfurt Ch 2011"]
[Site "Ffm-Kalbach, LAZ"]
[Date "2011.05.23"]
[Round "4.33"]
[White "Neumann, Manfred"]
[Black "Bagatsch, Thomas"]
[Result "0-1"]
[WhiteElo "1768"]
[BlackElo "2116"]
[PlyCount "104"]
[EventDate "2011.??.??"]
[WhiteTeam "SC 1961 König Nied"]
[BlackTeam "SC Brett vor'm Kopp Ffm"]

1. Nf3 d6 2. d4 Bg4 3. c4 Nd7 4. Nc3 e5 5. d5 Ngf6 6. e4 Be7 7. Be2 Nc5 8. Qc2
a5 9. b3 O-O 10. O-O Nfd7 11. Ne1 Bxe2 12. Qxe2 f5 13. exf5 Rxf5 14. Nf3 Qe8
15. Nd2 Qg6 16. Nde4 Raf8 17. Ng3 R5f7 18. Nce4 Bh4 19. Nxc5 Nxc5 20. Be3 Nd3
21. Rad1 Nf4 22. Qe1 b6 23. a3 Bd8 24. Rd2 h5 25. Bxf4 exf4 26. Qe6 Bf6 27. Ne4
Kh8 28. Nxf6 Rxf6 29. Qh3 Re8 30. Rd3 Rf5 31. Rf3 Qg4 32. Rc1 Rfe5 33. Kf1 Re4
34. Ra1 g6 35. Rc1 Kg7 36. Ra1 Kf6 37. Rc1 Kf5 38. Ra1 Re2 39. Rc1 Ra2 40. Rfc3
Qxh3 41. Rxh3 Ree2 42. Rf3 Reb2 43. g3 g5 44. Re1 Rxa3 45. gxf4 g4 46. Rfe3
Raxb3 47. Re7 Rf3 48. Rf7+ Kg6 49. Ree7 Rbxf2+ 50. Kg1 Rxf4 51. Rg7+ Kf6 52.
Rxc7 Ke5 {Rest unklar!} 0-1

[Event "Frankfurt Ch 2011"]
[Site "Ffm-Kalbach, LAZ"]
[Date "2011.05.23"]
[Round "4.34"]
[White "Noblé, Alexander"]
[Black "Ostermeier, Thorsten"]
[Result "1/2-1/2"]
[WhiteElo "2045"]
[BlackElo "1936"]
[PlyCount "124"]
[EventDate "2011.??.??"]
[WhiteTeam "SC Bad Nauheim"]
[BlackTeam "Sfr. Frankfurt 1921"]

1. e4 c5 2. d4 cxd4 3. c3 dxc3 4. Nxc3 Nc6 5. Nf3 Nf6 6. e5 Ng4 7. Bf4 h5 8.
Bc4 Qb6 9. O-O Qb4 10. Qe2 Na5 11. Nd5 Qxc4 12. Qxc4 Nxc4 13. Nc7+ Kd8 14. Nxa8
Nxb2 15. h3 Nd3 16. Bg3 Nh6 17. Rfd1 Nc5 18. a4 b6 19. a5 Nb3 20. axb6 Nxa1 21.
Rxa1 axb6 22. Nxb6 Bb7 23. Rd1 Bc6 24. e6 d6 25. Nd4 Kc7 26. Nc4 fxe6 27. Nxe6+
Kd7 28. Nxf8+ Rxf8 29. Nxd6 Ke6 30. Re1+ Kd7 31. Nc4 Bd5 32. Nb6+ Kc6 33. Nxd5
Kxd5 34. Re5+ Kd4 35. Rxe7 Nf7 36. f3 g6 37. Be1 Nh6 38. Re6 Rg8 39. g4 hxg4
40. hxg4 Nf7 41. Bh4 Kd5 42. Ra6 Ne5 43. Kg2 Nc4 44. Bg5 Ne5 45. Bf6 Nd3 46.
Kg3 Nc5 47. Ra7 Ne6 48. Rd7+ Kc6 49. Rd2 Re8 50. Rh2 Rf8 51. g5 Rf7 52. Rh6 Nf8
53. Kg4 Kd5 54. Rh1 Nh7 55. Rd1+ Ke6 56. Re1+ Kd5 57. Re7 Nxf6+ 58. gxf6 Rxf6
59. f4 Kd6 60. Ra7 Ke6 61. Rh7 Kd5 62. Rh6 Ke4 1/2-1/2

[Event "Frankfurt Ch 2011"]
[Site "Ffm-Kalbach, LAZ"]
[Date "2011.05.23"]
[Round "4.35"]
[White "Göbel, Andreas"]
[Black "Bötticher, Tim"]
[Result "1/2-1/2"]
[WhiteElo "2032"]
[BlackElo "2056"]
[PlyCount "62"]
[EventDate "2011.??.??"]
[WhiteTeam "SC Brett vor'm Kopp Ffm"]
[BlackTeam "Lübecker SV von 1873"]

1. c4 e5 2. Nc3 Nc6 3. g3 d6 4. Bg2 Be6 5. d3 Qd7 6. Bd2 g6 7. h4 h6 8. Nf3 Bg7
9. Rb1 Nge7 10. b4 O-O 11. b5 Nd8 12. Qc1 Kh7 13. Nd5 f5 14. Nxe7 Qxe7 15. O-O
Bd7 16. a4 c6 17. Be3 Ne6 18. Bd2 e4 19. Nh2 Nc5 20. Qc2 exd3 21. exd3 Qe2 22.
Rfe1 Qxd3 23. Qxd3 Nxd3 24. Re7 Ne5 25. f4 Rf7 26. Rxf7 Nxf7 27. bxc6 Bd4+ 28.
Kf1 Bxc6 29. Bxc6 bxc6 30. Rb7 Kg8 31. Nf3 Bc5 1/2-1/2

[Event "Frankfurt Ch 2011"]
[Site "Ffm-Kalbach, LAZ"]
[Date "2011.05.23"]
[Round "4.36"]
[White "Klein, Markus"]
[Black "Klyszcz, Michael"]
[Result "0-1"]
[WhiteElo "1874"]
[BlackElo "2064"]
[PlyCount "72"]
[EventDate "2011.??.??"]
[WhiteTeam "SC 1979 Hattersheim"]
[BlackTeam "SG 1871 Löberitz"]

1. d4 Nf6 2. c4 g6 3. Nc3 d5 4. Bg5 Ne4 5. Bh4 Nxc3 6. bxc3 Bg7 7. Nf3 c5 8. e3
O-O 9. cxd5 cxd4 10. cxd4 Qxd5 11. Bxe7 Re8 12. Bh4 Nc6 13. Be2 Bg4 14. O-O Qe4
15. Bg3 Rad8 16. Rb1 Nxd4 17. Nxd4 Bxe2 18. Qxe2 Rxd4 19. Qb5 Rd2 20. a4 b6 21.
Rb4 Qe7 22. Rc4 Qd7 23. Qa6 Ra2 24. h3 Bf6 25. Rfc1 Re7 26. Rc6 Qd2 27. Qc4 Kg7
28. Qg4 Rxe3 29. Rf1 Re1 30. Rxe1 Qxe1+ 31. Kh2 Ra1 32. Bh4 Be5+ 33. f4 Qg1+
34. Kg3 Ra3+ 35. Qf3 Rxf3+ 36. Kxf3 Bd4 0-1

[Event "Frankfurt Ch 2011"]
[Site "Ffm-Kalbach, LAZ"]
[Date "2011.05.23"]
[Round "4.38"]
[White "Biegel, Thomas"]
[Black "Frank, Andreas"]
[Result "1-0"]
[WhiteElo "2028"]
[BlackElo "1833"]
[PlyCount "77"]
[EventDate "2011.??.??"]
[WhiteTeam "SC Steinbach"]
[BlackTeam "Biebertaler SF"]

1. c4 g6 2. g3 Bg7 3. Bg2 d6 4. Nc3 c5 5. e4 Nc6 6. Nge2 h5 7. h4 Nh6 8. Nf4
Rb8 9. O-O Bg4 10. f3 Bd7 11. d3 e6 12. Be3 Bd4 13. Qd2 g5 14. Nxh5 gxh4 15. g4
Qg5 16. Rae1 e5 17. Qf2 Qg6 18. Qxh4 Be6 19. Bxd4 Nxd4 20. Qf6 Kd7 21. Nd5 Bxd5
22. cxd5 Rbg8 23. Qxg6 Rxg6 24. Kf2 Ke7 25. Rh1 Rhg8 26. Bh3 f6 27. Ng3 Nc2 28.
Rc1 Nd4 29. Bf1 Nf7 30. Be2 Ng5 31. Rh5 Kd7 32. Rch1 b5 33. Rh8 b4 34. Bd1 a5
35. R1h6 Ke7 36. Nh5 Rxh6 37. Rxg8 Nh3+ 38. Kg2 Rg6 39. Rxg6 1-0

[Event "Frankfurt Ch 2011"]
[Site "Ffm-Kalbach, LAZ"]
[Date "2011.05.23"]
[Round "4.39"]
[White "Bittner, Peter"]
[Black "Thomele, Michael"]
[Result "1/2-1/2"]
[WhiteElo "1956"]
[BlackElo "1905"]
[PlyCount "81"]
[EventDate "2011.??.??"]
[WhiteTeam "SC 1961 König Nied"]
[BlackTeam "SC 1959 Obernau"]

1. c4 e5 2. g3 Nc6 3. e3 d6 4. Bg2 Be6 5. d3 Qd7 6. Ne2 Bh3 7. O-O Bxg2 8. Kxg2
h5 9. Nbc3 h4 10. Rh1 h3+ 11. Kf1 Qf5 12. Ng1 Nf6 13. e4 Qd7 14. Nd5 Be7 15.
Be3 Nd8 16. f4 c6 17. Nxf6+ Bxf6 18. f5 c5 19. Qg4 Nc6 20. a3 O-O-O 21. Nxh3
Rdg8 22. Nf2 Kb8 23. Qf3 Qd8 24. Rb1 Bg5 25. b4 Bxe3 26. Qxe3 Nd4 27. Kg2 g6
28. fxg6 Rxg6 29. bxc5 dxc5 30. Rbf1 Qd7 31. h4 Ne6 32. Qf3 Rhg8 33. Kh2 Nd4
34. Qe3 a6 35. Rhg1 Qa4 36. Nh3 Qxa3 37. Rxf7 Rd6 38. Qf2 Qxd3 39. Rf8+ Rxf8
40. Qxf8+ Kc7 41. Ng5 {Rest unleserlich!} 1/2-1/2

[Event "Frankfurt Ch 2011"]
[Site "Ffm-Kalbach, LAZ"]
[Date "2011.05.23"]
[Round "4.40"]
[White "Ochmann, Reimund"]
[Black "Kraus, Eduard"]
[Result "1-0"]
[WhiteElo "2097"]
[BlackElo "1893"]
[PlyCount "123"]
[EventDate "2011.??.??"]
[WhiteTeam "SK Langen"]
[BlackTeam "SV Bergwinkel"]

1. e4 c6 2. d4 d5 3. exd5 cxd5 4. c4 e6 5. Nf3 Nf6 6. Nc3 dxc4 7. Bxc4 Nc6 8.
O-O Be7 9. Re1 O-O 10. a3 a6 11. Bd3 b5 12. Bg5 Bb7 13. Rc1 h6 14. Bh4 Nd5 15.
Bxe7 Ncxe7 16. Bb1 Nf6 17. Qd3 Bxf3 18. Qxf3 Qxd4 19. Rcd1 Qb6 20. Rd3 Rad8 21.
Rde3 Ned5 22. Nxd5 Nxd5 23. Re4 Qd6 24. Rg4 f5 25. Rg3 Rf6 26. Ba2 g6 27. h4
Kh7 28. Bb3 Rd7 29. Qd3 Rd8 30. Qd4 Rf7 31. Rd1 Rfd7 32. Re1 Qe7 33. Qe5 Re8
34. a4 Qxh4 35. axb5 axb5 36. Qe2 Qb4 37. Rd3 Rde7 38. Qe5 Qc5 39. Rd4 Qc6 40.
Rh4 Qc7 41. Qd4 Qd8 42. Qd2 h5 43. Rd4 Qd6 44. Qg5 Qd8 45. Qg3 Rd7 46. Qe5 Rde7
47. Rd3 Qc7 48. Qd4 Qd6 49. Qh4 Qf4 50. Qh3 Nf6 51. Rf3 Qd6 52. Rd1 Qc7 53. Rc3
Qb7 54. Rdc1 Ng4 55. Qh4 Kg7 56. Bd1 Qd5 57. Bf3 Qd4 58. Bc6 Kh6 59. Bxe8 Rxe8
60. Qg3 e5 61. b3 e4 62. Qf4+ 1-0

[Event "Frankfurt Ch 2011"]
[Site "Ffm-Kalbach, LAZ"]
[Date "2011.05.23"]
[Round "4.41"]
[White "Goldt, Rainer"]
[Black "Midanka, Vladimir"]
[Result "1-0"]
[WhiteElo "1993"]
[BlackElo "1712"]
[PlyCount "89"]
[EventDate "2011.??.??"]
[WhiteTeam "Kreuznacher SV 1921 e.V."]
[BlackTeam "vereinslos"]

1. e4 e5 2. Nf3 Nc6 3. Bc4 Nf6 4. d4 exd4 5. O-O Bc5 6. e5 d5 7. exf6 dxc4 8.
Re1+ Be6 9. Ng5 Qd5 10. Nc3 Qf5 11. Nce4 O-O-O 12. g4 Qd5 13. fxg7 Rhg8 14. Nf6
Qd6 15. Nge4 Qe5 16. f4 d3+ 17. Kg2 Qxf6 18. Nxf6 Rxg7 19. c3 Be7 20. Rxe6 fxe6
21. Nh5 Rg6 22. Be3 Rdg8 23. h3 Rf8 24. Qa4 Rd8 25. Qxc4 Na5 26. Qe4 d2 27. Rd1
Nc6 28. Rxd2 Rxd2+ 29. Bxd2 a6 30. f5 exf5 31. Qxf5+ Kb8 32. Bf4 Nd8 33. Qd7
Nc6 34. Qxc7+ Ka8 35. Qc8+ Ka7 36. Be3+ b6 37. Qc7+ Ka8 38. Bxb6 Rd6 39. Qc8+
Nb8 40. Bc7 Rd2+ 41. Kf3 Rxb2 42. Bxb8 Rb7 43. Be5+ Ka7 44. Bd4+ Bc5 45. Bxc5+
1-0

[Event "Frankfurt Ch 2011"]
[Site "Ffm-Kalbach, LAZ"]
[Date "2011.05.23"]
[Round "4.42"]
[White "Lehmann, Gerit"]
[Black "Cors, Heinz-Friedrich"]
[Result "0-1"]
[WhiteElo "1471"]
[BlackElo "1945"]
[PlyCount "118"]
[EventDate "2011.??.??"]
[WhiteTeam "Sfr. Frankfurt 1921"]
[BlackTeam "SV Schachforum Darmstadt 1994"]

1. d4 Nf6 2. Nf3 e6 3. Bf4 d5 4. e3 Nbd7 5. h3 c6 6. c3 b6 7. Be2 Bb7 8. Nbd2
Be7 9. O-O O-O 10. Bh2 c5 11. b3 Rc8 12. Rc1 Ne4 13. Nxe4 dxe4 14. Nd2 Nf6 15.
dxc5 Rxc5 16. c4 Bd6 17. Bxd6 Qxd6 18. Nb1 Qe7 19. Qc2 Nd7 20. Rcd1 f5 21. Nc3
a6 22. Qd2 Rd8 23. Qd6 Qf6 24. Qd4 Rcc8 25. Qxf6 Nxf6 26. Rxd8+ Rxd8 27. Rd1
Rxd1+ 28. Bxd1 Kf8 29. Na4 Nd7 30. b4 Ke7 31. Kf1 Kd6 32. Ke1 Bc6 33. Nb2 Ne5
34. Kd2 Be8 35. Kc3 g5 36. f4 exf3 37. gxf3 Bc6 38. f4 gxf4 39. exf4 Ng6 40.
Nd3 Bg2 41. Kd4 Bxh3 42. c5+ bxc5+ 43. bxc5+ Kc7 44. Bf3 Bf1 45. Bh5 Bxd3 46.
Bxg6 Bb1 47. Bxh7 Bxa2 48. Bg6 a5 49. Be8 Bd5 50. Bb5 Bc6 51. Bc4 Bd7 52. Bb3
a4 53. Ba2 Kc6 54. Kc4 e5 55. fxe5 Be6+ 56. Kb4 Bxa2 57. Kxa4 Kxc5 58. Ka3 Bc4
59. Kb2 f4 0-1

[Event "Frankfurt Ch 2011"]
[Site "Ffm-Kalbach, LAZ"]
[Date "2011.05.23"]
[Round "4.43"]
[White "Weber, Axel"]
[Black "Hillgärtner, Walter"]
[Result "1/2-1/2"]
[WhiteElo "1452"]
[BlackElo "1931"]
[PlyCount "71"]
[EventDate "2011.??.??"]
[WhiteTeam "Sfr. Frankfurt 1921"]
[BlackTeam "SC Bad Nauheim"]

1. e4 e6 2. d4 d5 3. Nc3 Bb4 4. exd5 exd5 5. Nf3 Nf6 6. a3 Be7 7. Bd3 Bg4 8.
O-O O-O 9. Re1 Re8 10. h3 Bh5 11. Bf4 c6 12. Be2 Nbd7 13. Ne5 Bxe2 14. Rxe2
Nxe5 15. Bxe5 Nd7 16. Qd2 Nxe5 17. Rxe5 Bf6 18. Rxe8+ Qxe8 19. Re1 Qd7 20. Ne2
Re8 21. c3 Qe6 22. Kf1 Rf8 23. Ng3 Qd7 24. Qf4 Bd8 25. Nf5 g6 26. Ng3 Bc7 27.
Qe3 Bd6 28. Qd2 Bxg3 29. fxg3 Kg7 30. Qd3 b5 31. g4 Qc7 32. Qe3 Rc8 33. g5 a5
34. Kg1 a4 35. Qf2 Qd6 36. Rf1 1/2-1/2

[Event "Frankfurt Ch 2011"]
[Site "Ffm-Kalbach, LAZ"]
[Date "2011.05.23"]
[Round "4.44"]
[White "Rüger, Erhard"]
[Black "Stulken, Dietmar"]
[Result "1-0"]
[WhiteElo "2195"]
[BlackElo "1384"]
[PlyCount "57"]
[EventDate "2011.??.??"]
[WhiteTeam "SC Brett vor'm Kopp Ffm"]
[BlackTeam "Sfr. Frankfurt 1921"]

1. Nf3 d5 2. c4 dxc4 3. g3 Nc6 4. Bg2 Nf6 5. Qa4 Bd7 6. Qxc4 e6 7. O-O Bd6 8.
d4 Nd5 9. e4 Nb6 10. Qd3 e5 11. Nc3 exd4 12. Nxd4 Nxd4 13. Qxd4 O-O 14. e5 Be7
15. Bxb7 Rb8 16. Bg2 c6 17. Rd1 Be6 18. Qe3 Qc7 19. b3 Nd7 20. Re1 Bc5 21. Qe4
Bb4 22. Bb2 Nc5 23. Qe3 Nd7 24. Rac1 Bc5 25. Qe4 Qb6 26. Na4 Qb4 27. Nxc5 Nxc5
28. Qxb4 Rxb4 29. Rxc5 1-0

[Event "Frankfurt Ch 2011"]
[Site "Ffm-Kalbach, LAZ"]
[Date "2011.05.23"]
[Round "4.46"]
[White "Syed, Tareq"]
[Black "Reichel, Rolf"]
[Result "1/2-1/2"]
[WhiteElo "2112"]
[BlackElo "1991"]
[PlyCount "104"]
[EventDate "2011.??.??"]
[WhiteTeam "SC Brett vor'm Kopp Ffm"]
[BlackTeam "Niederräder TG"]

1. e4 c5 2. d3 Nc6 3. g3 e5 4. Bg2 d6 5. Nh3 Nf6 6. O-O Be7 7. c3 h6 8. Nd2 Bg4
9. f3 Be6 10. Nf2 Qd7 11. a3 g5 12. b4 b6 13. b5 Na5 14. a4 d5 15. Qe2 d4 16.
c4 O-O-O 17. Nd1 Nh5 18. Nb2 g4 19. fxg4 Bxg4 20. Bf3 Rdg8 21. Bxg4 Rxg4 22.
Rf5 Rg5 23. Rxg5 hxg5 24. Ra3 Qh3 25. Qg2 Qxg2+ 26. Kxg2 g4 27. Nb3 Nxb3 28.
Rxb3 f5 29. exf5 Rf8 30. Nd1 Rxf5 31. Nf2 Nf6 32. Bh6 Rh5 33. Bd2 Rf5 34. Rb1
Bf8 35. Ra1 Rh5 36. Re1 Kc7 37. Ne4 Nd7 38. Rf1 Bh6 39. Be1 Bg7 40. Rf7 Bh8 41.
Bd2 Kd8 42. Bg5+ Kc8 43. Bh4 Rh6 44. Bg5 Rg6 45. Bd2 Kd8 46. Bg5+ Kc8 47. Be7
Bg7 48. Nd6+ Kb8 49. Ne8 Bh6 50. Rf5 Re6 51. Bd6+ Kc8 52. Rh5 e4 1/2-1/2

[Event "Frankfurt Ch 2011"]
[Site "Ffm-Kalbach, LAZ"]
[Date "2011.05.23"]
[Round "4.47"]
[White "Tierling, Detlef"]
[Black "Brauer, Frank"]
[Result "1-0"]
[WhiteElo "2036"]
[BlackElo "1897"]
[PlyCount "95"]
[EventDate "2011.??.??"]
[WhiteTeam "SV Griesheim(DA)"]
[BlackTeam "vereinslos"]

1. f4 d5 2. Nf3 Nf6 3. b3 g6 4. Bb2 Bg7 5. e3 O-O 6. Be2 c5 7. O-O Nc6 8. Qc1
b6 9. a4 Bb7 10. Na3 Rc8 11. Ne5 e6 12. d3 Nd7 13. Nxc6 Rxc6 14. a5 f5 15. Bxg7
Kxg7 16. Nb5 a6 17. Nc3 Qf6 18. Nd1 b5 19. Bf3 Rc7 20. Nf2 e5 21. g3 d4 22.
Bxb7 Rxb7 23. e4 exf4 24. Qxf4 Ne5 25. exf5 Qxf5 26. Ne4 Rbf7 27. Qxf5 Rxf5 28.
Nxc5 Nf3+ 29. Rxf3 Rxc5 30. Rxf8 Kxf8 31. Ra2 Kf7 32. b4 Rc6 33. Kf2 Kf6 34.
Ke2 Kf5 35. h3 Re6+ 36. Kf3 Re3+ 37. Kf2 h5 38. c4 bxc4 39. dxc4 Rb3 40. b5 Rb4
41. bxa6 Rb8 42. Kf3 Rb3+ 43. Ke2 Rxg3 44. a7 Re3+ 45. Kd2 Re8 46. Kd3 Ra8 47.
Kxd4 Rxa7 48. a6 1-0

[Event "Frankfurt Ch 2011"]
[Site "Ffm-Kalbach, LAZ"]
[Date "2011.05.23"]
[Round "4.48"]
[White "Jordake, Michael"]
[Black "Willems, Matthias"]
[Result "0-1"]
[WhiteElo "1710"]
[BlackElo "2056"]
[PlyCount "93"]
[EventDate "2011.??.??"]
[WhiteTeam "SC Bergen-Enkheim 1922"]
[BlackTeam "SC Bad Nauheim"]

1. e4 c5 2. Nc3 Nc6 3. g3 g6 4. Bg2 Bg7 5. d3 d6 6. f4 Rb8 7. Nh3 b5 8. O-O b4
9. Ne2 Qb6 10. Kh1 Nf6 11. f5 Bb7 12. fxg6 hxg6 13. Nef4 Ne5 14. Nf2 e6 15. Be3
Rd8 16. b3 Nc6 17. a3 Nd7 18. Ra2 a5 19. a4 Ne7 20. N2h3 d5 21. Ng5 Bf6 22.
Nfh3 Bxg5 23. Nxg5 f6 24. Nh3 dxe4 25. dxe4 Ne5 26. Qe1 Ng4 27. Bg1 f5 28. Nf2
Ba6 29. Nxg4 Bxf1 30. Nf6+ Kf7 31. Bxf1 Kxf6 32. c3 Qd6 33. cxb4 cxb4 34. Bc4
e5 35. Qf2 Qd4 36. Qf3 Qd1 37. Re2 Rd2 38. Qf2 Rxe2 39. Bxe2 Qxb3 40. Qb6+ Kg7
41. Qd6 Qf7 42. Qxe5+ Kh7 43. Qxa5 b3 44. Qb4 fxe4 45. Qd2 Nf5 46. g4 e3 47.
Qe1 0-1

[Event "Frankfurt Ch 2011"]
[Site "Ffm-Kalbach, LAZ"]
[Date "2011.05.23"]
[Round "4.50"]
[White "Dörr, Tarik"]
[Black "Annen, Oliver"]
[Result "1-0"]
[WhiteElo "1852"]
[BlackElo "1559"]
[PlyCount "71"]
[EventDate "2011.??.??"]
[WhiteTeam "SC Einrich"]
[BlackTeam "SK Bad Homburg 1927"]

1. d4 Nf6 2. Nf3 e6 3. Bg5 Be7 4. e3 d5 5. Bd3 Nbd7 6. Nbd2 c5 7. c3 c4 8. Bc2
O-O 9. h4 Ne8 10. Qb1 f5 11. g4 Nd6 12. gxf5 exf5 13. Rg1 Ne4 14. Qd1 Qe8 15.
Qe2 Ndf6 16. Nxe4 fxe4 17. Nd2 Bf5 18. O-O-O b5 19. Rg2 b4 20. cxb4 Bxb4 21.
Rdg1 g6 22. Bh6 Rf7 23. h5 Bf8 24. hxg6 Bxg6 25. Bxf8 Qxf8 26. f3 Rb8 27. fxe4
Qb4 28. b3 cxb3 29. Nxb3 Rc8 30. Kb1 Qc3 31. exd5 Rg7 32. Bxg6 hxg6 33. Rxg6
Rxg6 34. Rxg6+ Kf7 35. Rg1 Ke7 36. Rc1 1-0

[Event "Frankfurt Ch 2011"]
[Site "Ffm-Kalbach, LAZ"]
[Date "2011.05.23"]
[Round "4.51"]
[White "Bastian, Holger"]
[Black "Gutacker, Stephan"]
[Result "0-1"]
[WhiteElo "1689"]
[BlackElo "1949"]
[PlyCount "102"]
[EventDate "2011.??.??"]
[WhiteTeam "Aschaffenburg- Schweinheim e.V."]
[BlackTeam "Sfr.1932 Kelkheim"]

1. e4 e5 2. Nf3 Nc6 3. Bb5 a6 4. Ba4 Nf6 5. O-O b5 6. Bb3 Bb7 7. Re1 Bc5 8. c3
d6 9. h3 O-O 10. d3 h6 11. Nbd2 Re8 12. Nf1 d5 13. Qe2 dxe4 14. dxe4 Nh5 15.
N3h2 Nf6 16. Ng3 Na5 17. Bc2 Nc4 18. Ng4 Nd6 19. Qf3 Nxg4 20. hxg4 Bc8 21. Nf5
Bxf5 22. gxf5 Qf6 23. g3 g5 24. Kg2 Kg7 25. Qg4 Rg8 26. f4 Kf8 27. fxe5 Qxe5
28. Qh5 Rh8 29. Qf3 Rd8 30. Rd1 Kg7 31. Rd5 Qe7 32. Rxc5 Nxe4 33. f6+ Nxf6 34.
Be3 Rhe8 35. Re1 Rd6 36. Bf2 Qd7 37. Rxe8 Nxe8 38. Bd4+ Nf6 39. Qe4 Kf8 40. Qe3
Nd5 41. Qe5 f6 42. Qe4 c6 43. Qg6 Qg4 44. Qxh6+ Ke7 45. Qh7+ Kd8 46. Qe4 Nf4+
47. Kf2 Re6 48. Bxf6+ Rxf6 49. Qd4+ Nd5+ 50. Ke1 Qxg3+ 51. Ke2 Qg2+ 0-1

[Event "Frankfurt Ch 2011"]
[Site "Ffm-Kalbach, LAZ"]
[Date "2011.05.23"]
[Round "4.52"]
[White "Winter, Olaf"]
[Black "Krüger, Till"]
[Result "0-1"]
[WhiteElo "1675"]
[BlackElo "2063"]
[PlyCount "122"]
[EventDate "2011.??.??"]
[WhiteTeam "SK Bickenbach"]
[BlackTeam "SC Nidderau"]

1. c4 e5 2. Nc3 d6 3. g3 Nc6 4. Bg2 Be6 5. d3 Qd7 6. a3 a5 7. b3 g6 8. Bb2 Bg7
9. e3 Nge7 10. Qd2 Rb8 11. Rc1 O-O 12. Nb5 d5 13. d4 Rfe8 14. Ne2 exd4 15. exd4
Bh3 16. O-O Bxg2 17. Kxg2 Nf5 18. Rcd1 Nd8 19. Nbc3 dxc4 20. bxc4 Qc6+ 21. d5
Qxc4 22. Rc1 b6 23. Rfe1 Nb7 24. Nd1 Qe4+ 25. f3 Qe7 26. Bxg7 Nxg7 27. Ndc3 Nc5
28. Nd4 Qd7 29. Ne4 Nh5 30. Nc6 Nb3 31. Qg5 Rbc8 32. Rc3 f6 33. Nxf6+ Nxf6 34.
Rxe8+ Rxe8 35. Rxb3 Qxd5 36. Qxf6 Qxb3 37. Ne7+ Rxe7 38. Qxe7 Qc2+ 39. Kh3 Qf5+
40. Kg2 h5 41. Qxc7 Qe6 42. Qd8+ Kf7 43. Qc7+ Kf6 44. Qf4+ Kg7 45. Qc7+ Kh6 46.
Qc1+ g5 47. Qc2 b5 48. Qd2 Qb6 49. h4 b4 50. Qxg5+ Kh7 51. Qxh5+ Kg7 52. Qe5+
Kf7 53. axb4 axb4 54. Qd5+ Ke7 55. Qb3 Qc5 56. Qb2 Qc3 57. Qe2+ Kd6 58. Kf2 b3
59. Qd1+ Kc5 60. Ke2 Kb4 61. Qd6+ Ka4 0-1